| 000 | 00806nam a2200241Ia 4500 | ||
|---|---|---|---|
| 003 | OSt | ||
| 005 | 20260120120314.0 | ||
| 008 | 220923b |||||||| |||| 00| 0 eng d | ||
| 037 | _cGeneral Book | ||
| 040 |
_aRTL _cRTL _beng |
||
| 041 |
_2eng _aeng |
||
| 084 |
_aX:8N , M0; M5 _qRTL |
||
| 100 |
_aSahai Baldeo _9905603 |
||
| 245 | 0 |
_aPublic relations _b A scientific approach |
|
| 250 | _a2nd | ||
| 260 |
_a New Delhi _bStanding Conference of Public Enterprises _c1985 |
||
| 300 |
_axvi , 361 p. _ccm. _bIncludes bibliographical references and index. |
||
| 490 | _aStanding Conference of Public Enterprises | ||
| 500 | _aAppendix p 343-55 | ||
| 650 |
_aPublic Relations _9905604 |
||
| 942 |
_hX:8N , M0; M5 _cGB _2CC _n0 |
||
| 999 |
_c613910 _d613910 |
||